000 003620000a22001450004500
005 20120302064708.0
942 _cBOOK
100 _a Joshi, Vasant; Joshi, vasudha
245 _a Ashi Hi America! Ashi Hi America
260 _aPune : Vasudha Joshi, 2003
300 _a135 p.-ill
040 _aMar
365 _bRs.60/-
650 _aSankirna/ Ashi hi / america
999 _c362827
_d362824